000 00678nam a2200253Ia 4500
003 OSt
005 20220918221236.0
006 a|||||r|||| 00| 0
007 ta
008 220917b |||||||| |||| 00| 0 eng d
024 _a148,922
037 _cTextual
040 _aARTS
_cARTS
_beng
041 _2eng
_aeng
082 _aT0aX:275, K4
100 _aRao V.K.R.V.
_990325
245 0 _aEducation and economic development
260 _aMysore
_bRegional College of Education
_c1964
300 _a15p
_ccm.
490 _aPanikkar memorial lecture
650 _aEDUCATION
942 _hT0aX:275, K4
_cTEXL
_2CC
999 _c271597
_d271597